000 00396nam a2200121Ia 4500
008 220216s9999 xx 000 0 und d
100 _aRahman Radzuan Abdul
245 0 _aProspects for integrating timber production into agricultural plantations and of timber trees as the next major agricultural crop
260 _bPlanter
_c1989
300 _a311-320
700 _aJohari Roselina
942 _cJS
999 _c66024
_d66024